Loading...
| Science - Chemistry | 0 | 2 | 0 | 2 | 20 | 100 | 111.50 | 0 | 1 | 1.45 | 7.50 |
| Science - Biology | 0 | 2 | 0 | 0 | 20 | 36 | 39.50 | 1 | 2 | 12.79 | 17.89 |
| Mythology | 0 | 2 | 0 | 1 | 20 | 54 | 93.00 | 0 | 1 | 5.65 | 9.33 |
| Philosophy | 0 | 2 | 0 | 1 | 20 | 106 | 110.50 | 0 | 0 | 0.36 | 5.00 |
| Fine Arts - Painting and Sculpture | 0 | 2 | 1 | 1 | 15 | 89 | 104.00 | 0 | 0 | 2.33 | 4.83 |
| History - World | 0 | 1 | 0 | 0 | 10 | 132 | 132.00 | 0 | 0 | 0.00 | 0.83 |
| Science - Physics | 0 | 1 | 0 | 0 | 10 | 103 | 103.00 | 0 | 0 | 1.12 | 5.00 |
| History - Other | 0 | 1 | 0 | 0 | 10 | 56 | 56.00 | 0 | 1 | 5.41 | 7.50 |
| Other Academic | 0 | 1 | 0 | 0 | 10 | 85 | 85.00 | 0 | 1 | 18.52 | 33.33 |
| History - European | 0 | 1 | 0 | 0 | 10 | 63 | 63.00 | 0 | 0 | 5.08 | 7.50 |
| Literature - World | 0 | 1 | 0 | 0 | 10 | 120 | 120.00 | 0 | 0 | 1.24 | 1.00 |
| Social Science | 0 | 1 | 2 | 0 | 0 | 91 | 91.00 | 0 | 0 | 0.71 | 2.00 |
| Fine Arts - Other | 0 | 0 | 0 | 0 | 0 | 0.00 | 0 | 0 | 0.00 | 0.00 | |
| Religion | 0 | 0 | 1 | 0 | -5 | 0.00 | 0 | 0 | 0.00 | 0.00 | |
| Science - Other | 0 | 0 | 1 | 0 | -5 | 0.00 | 0 | 0 | 0.00 | 0.00 | |
| Literature - American | 0 | 0 | 1 | 0 | -5 | 0.00 | 0 | 0 | 0.00 | 0.00 | |
| Current Events | 0 | 0 | 1 | 0 | -5 | 0.00 | 0 | 0 | 0.00 | 0.00 |